000 01415nam0a2200361 4500
001 RU\NLR\BIBL_A\022634551
005 20260420054233.0
010 _a978-5-04-187950-1
_93000
021 _aRU
_bАЛ-П-25-00694и
_9АЛ-П-25-0143
035 _a(NLR Aleph) 022634551
090 _a13684962
_c13684962
100 _a20251001d2025 d y0rusy50 ca
101 1 _arus
_ceng
102 _aRU
105 _aa t 000ay
181 0 _ab3
_bbb2e
181 0 _ai1
_baxxe
182 0 _an
200 1 _aЧесночинка и Вампир
_e[комикс
_eдля среднего школьного возраста]
_fБри Полсен
_g[перевод с английского И. С. Ремизовой
_gиллюстрации автора]
203 _aИзображение
_aТекст
_bвизуальные
_cнепосредственные
210 _aМосква
_cЭксмо
_d2025
215 _a157, [12] с.
_cцв. ил.
_d24
225 1 _aСерия "Приключения и тайны. Детские и подростковые комиксы"
333 _a12+
686 0 _aШ9(7США)62-4
686 0 _aЩ153(7США)6-475
700 1 _7ca
_8rus
_aПолсен
_bБ.
_gБри
_92681698
_3RU\NLR\AUTH\770285564
942 _cBOOK
980 _aNB